000 01797cam a2200373 i 4500
001 21630769
003 OSt
005 20260119145220.0
006 m |o d |
007 cr |||||||||||
008 180406s2019 flu ob 001 0 eng
010 _a 2020692077
020 _z9781498763103
_q(hardback : alk. paper)
035 _a21630769
040 _aDLC
_beng
_erda
_cDLC
_dDLC
042 _apcc
050 0 0 _aRA1057
_b.E46 2019
082 0 0 _a614/.12
_223
100 1 _aElkins, Kelly M.,
_eauthor.
245 1 0 _aIntroduction to forensic chemistry /
_cKelly M. Elkins.
264 1 _aBoca Raton :
_bCRC Press, Taylor and Francis Group,
_c[2019]
300 _a1 online resource
336 _atext
_btxt
_2rdacontent
337 _acomputer
_bc
_2rdamedia
338 _aonline resource
_bcr
_2rdacarrier
504 _aIncludes bibliographical references and index.
505 0 _aAn introduction to forensic chemistry and physical evidence -- Chemical tests -- The microscope -- Light spectroscopy -- Advanced spectroscopy -- Chromatography -- Inorganic poisons and contaminants -- Controlled substances -- Toxicology -- Trace evidence -- Questioned documents and impression evidence -- Latent print development -- Firearms -- Arson and explosives -- Cbrne chemical, biological, radiological, nuclear and explosives -- Environmental forensics.
588 _aDescription based on online resource; title from PDF title page (Site, viewed 08/24/2020).
650 0 _aChemistry, Forensic.
776 0 8 _iPrint version:
_tIntroduction to forensic chemistry
_dBoca Raton : CRC Press, Taylor & Francis Group, [2019]
_z9781498763103 (hardback : alk. paper)
_w(DLC) 2018015615
906 _a7
_bcbc
_corigcop
_d1
_eecip
_f20
_gy-gencatlg
942 _2lcc
_cBK
999 _c21081
_d21080